[Event "10th WCh-University w"]
[Site "Novokuznetsk RUS"]
[Date "2008.03.05"]
[Round "3"]
[White "Wang Yu A"]
[Black "Tashimova,N"]
[Result "1-0"]
[WhiteElo "2391"]
[BlackElo "2073"]

1.e4 c5 2.Nf3 e6 3.d4 cxd4 4.Nxd4 a6 5.Nc3 b5 6.Bd3 Qb6 7.Nf3 d6 8.a4 b4
9.a5 Qc7 10.Na4 Nd7 11.Be3 Ngf6 12.Nb6 Nxb6 13.Bxb6 Qb7 14.Qe2 Bd7 15.O-O Bc6
16.Rfe1 Nd7 17.Nd4 Nc5 18.Nxc6 Qxc6 19.Bc4 Be7 20.Rad1 O-O 21.Bd5 exd5 22.exd5 Qa4
23.Qxe7 Qxc2 24.Qxd6 Nd3 25.Rf1 Rac8 26.Bd4 Rcd8 27.Qg3 f6 28.Rxd3 Rf7 29.Bb6 Rdd7
30.d6 Qxb2 31.Qf3 Qc2 32.Qa8+ Rf8 33.Qd5+ Kh8 34.Rb3  1-0

[Event "XXIII Open"]
[Site "Reykjavik ISL"]
[Date "2008.03.06"]
[Round "4"]
[White "Lie,K"]
[Black "Vasilevich,T"]
[Result "1-0"]
[WhiteElo "2556"]
[BlackElo "2370"]

1.e4 c5 2.Nf3 e6 3.d4 cxd4 4.Nxd4 a6 5.Nc3 Qc7 6.Be2 b5 7.O-O Bb7 8.Re1 Nc6
9.Nxc6 dxc6 10.e5 Rd8 11.Bd3 c5 12.Qh5 g6 13.Qh3 c4 14.Be4 Bg7 15.Bg5 Ne7
16.Bxb7 Qxb7 17.Ne4 h6 18.Qf3 Kf8 19.Rad1 Rxd1 20.Rxd1 Nd5 21.Bf6 Bxf6 22.Nxf6 Kg7
23.Nxd5 exd5 24.Qxd5 Qe7 25.Qd4 Re8 26.f4 Qe6 27.h3 h5 28.Kh2 h4 29.Qf2 g5
30.Rd6 Qe7 31.Qd4 gxf4 32.e6+ Kh7 33.Qxf4 fxe6 34.Rxa6 Rg8 35.Rc6 Rg7 36.Qe5 Qg5
37.Qxg5 Rxg5 38.Rxe6 Rd5 39.Rb6 Rd2 40.Rxb5 Rxc2 41.a4 Kg6 42.Rb4 Kg5 43.a5 c3
44.bxc3 Rxc3 45.Ra4 Rc7 46.a6 Ra7 47.Kg1  1-0

[Event "XXIII Open"]
[Site "Reykjavik ISL"]
[Date "2008.03.06"]
[Round "4"]
[White "Lie,Es"]
[Black "Miezis,N"]
[Result "1-0"]
[WhiteElo "2428"]
[BlackElo "2553"]

1.e4 c5 2.Nf3 e6 3.d4 cxd4 4.Nxd4 a6 5.Nc3 Qc7 6.Be2 b5 7.O-O Bb7 8.Re1 Nc6
9.Nxc6 Qxc6 10.Bf3 Qc8 11.Bf4 f6 12.Qd3 Ne7 13.Nd5 exd5 14.exd5 Qc4 15.Qxc4 bxc4
16.d6 Bxf3 17.dxe7 Bxe7 18.Bd6 Bd5 19.Rxe7+ Kd8 20.Rd1 Be6 21.Rxg7 Kc8 22.Be7 f5
23.Bf6 Rf8 24.Be5 Rf7 25.Rxf7 Bxf7 26.Rd6 Be6 27.Rb6 Kd8 28.a4 Ke7 29.a5 Bd5
30.Bb8 c3 31.bxc3 Be4 32.f3 Bxc2 33.Kf2 Bd3 34.Ke3 Bf1 35.g3 Bc4 36.Kf4 Bd5
37.c4 Bc6 38.h4 h5 39.Rb3 Kf6 40.Be5+ Kg6 41.Rd3 Re8 42.Rd6+ Re6 43.Rxe6+ dxe6
44.Bd4 Kf7 45.Ke5 Bxf3 46.Kd6 Ke8 47.Kc7 Be2 48.c5 Bf3 49.Be5 Bg2 50.c6 Ke7
51.Bf4 Ke8 52.Be5 Ke7 53.Kb6 Kd8 54.c7+ Kd7 55.Kxa6 Bf3 56.Kb6 Be4 57.a6 Bf3
58.Kc5 Bg2 59.Kd4 Kc8 60.Ke3 Kd7 61.Kf4 Bf1 62.a7 Bg2 63.Kg5 Bf3 64.Kg6 Kc8
65.a8=Q+ Bxa8 66.Kxh5 Be4 67.Kg5 Kd7 68.Kf4 Bb7 69.h5  1-0

[Event "10th WCh-University"]
[Site "Novokuznetsk RUS"]
[Date "2008.03.07"]
[Round "5"]
[White "Van Eijk,S"]
[Black "Zhou Jianchao"]
[Result "0-1"]
[WhiteElo "2283"]
[BlackElo "2551"]

1.e4 c5 2.Nf3 e6 3.d4 cxd4 4.Nxd4 a6 5.Nc3 Qc7 6.Bd3 Nc6 7.Nxc6 dxc6 8.a4 Nf6
9.O-O e5 10.Kh1 Be6 11.Qe2 Bd6 12.Bc4 Qe7 13.a5 O-O 14.f3 Nh5 15.Bxe6 Qxe6
16.Be3 Nf4 17.Qf2 Qe7 18.Na4 Ne6 19.c3 Rad8 20.Rfd1 Bc7 21.b4 Rxd1+ 22.Rxd1 f5
23.g3 g6 24.Rd2 Rd8 25.Rxd8+ Qxd8 26.Qa2 Kf7 27.Nc5 Qc8 28.Kg2 Bd6 29.Nd3 Kg7
30.Qc4 Qg8 31.Kf2 Qf7 32.Bc5 Bc7 33.Be3 Qd7 34.Kg2 h5 35.Nc5 Nxc5 36.Bxc5 Bd8
37.Bf2 Bf6 38.Qe2 Kf7 39.Qe3 Kg7 40.Qe2 Qd8 41.Qe3 Qd1 42.Qb6 Qd7 43.Qe3 Kh7
44.Qe2 Bg7 45.Qc2 Bh6 46.Qe2 Qd2 47.Qc4 Qd7 48.Qe2 f4 49.h3 fxg3 50.Bxg3 Qd6
51.Qc4 Kg7 52.Qd4 exd4 53.Bxd6 d3 54.Kf2 Kf6 55.f4 g5 56.fxg5+ Kxg5 57.Ke3 Kh4+
58.Kxd3 Kxh3 59.e5 Bf4 60.Ke4 Kg4 61.Bc5 h4 62.e6 h3 63.Bg1 Bd6 64.Bh2 Be7
65.Ke5 Kg5 66.Bg3 Kg6 67.Bh2 Bf6+ 68.Kd6 Bxc3 69.Kd7 Bxb4 70.Bd6 Bxd6 71.Kxd6 h2
72.e7 Kf7 73.Kd7 h1=Q 74.e8=Q+ Kf6 75.Qe6+ Kg5 76.Qe7+ Kf5 77.Kc8 Qd5 78.Kxb7 Qb5+
79.Ka7 c5 80.Qf7+ Ke5 81.Qe7+ Kd5 82.Qf7+ Kd4 83.Qf6+ Kc4 84.Qxa6 Kb4 85.Qb6 c4
86.a6 c3 87.Kb7 c2 88.a7 c1=Q 89.Qxb5+ Kxb5 90.a8=Q Qc6+ 91.Kb8 Qd6+ 92.Kb7 Qd7+
93.Kb8 Kb6  0-1

[Event "XXIII Open"]
[Site "Reykjavik ISL"]
[Date "2008.03.07"]
[Round "5"]
[White "Genzling,A"]
[Black "Malisauskas,V"]
[Result "0-1"]
[WhiteElo "2264"]
[BlackElo "2489"]

1.e4 c5 2.Nf3 e6 3.d4 cxd4 4.Nxd4 a6 5.Nc3 Qc7 6.g3 Nc6 7.Be3 b5 8.Bg2 Bb7
9.O-O Nf6 10.Bf4 d6 11.Ndxb5 axb5 12.Nxb5 Qb6 13.Nxd6+ Bxd6 14.Bxd6 Rd8 15.c4 Ne7
16.Qa4+ Bc6 17.Qa3 Ra8 18.Qb3 Nc8 19.Qd3 Nxd6 20.Qxd6 Rd8 21.Qa3 Nxe4 22.Bxe4 Bxe4
23.Rfd1 Ra8 24.Qc3 O-O  0-1

[Event "10th WCh-University"]
[Site "Novokuznetsk RUS"]
[Date "2008.03.09"]
[Round "8"]
[White "Widmer,S"]
[Black "Yurkov,P"]
[Result "0-1"]
[WhiteElo "2176"]
[BlackElo "2332"]

1.e4 c5 2.Nf3 e6 3.d4 cxd4 4.Nxd4 a6 5.Nc3 b5 6.Bd3 d6 7.O-O Nf6 8.Qe2 Be7
9.a4 b4 10.Na2 e5 11.Nf5 Bxf5 12.exf5 Qb6 13.Bg5 Nbd7 14.c3 bxc3 15.Nxc3 O-O
16.a5 Qa7 17.Rfc1 d5 18.Bxf6 Nxf6 19.Qxe5 Ng4 20.Qg3 Nxf2 21.Kf1 Qd4 22.Nxd5 Bh4
23.Rc4 Qxd5  0-1

[Event "10th WCh-University w"]
[Site "Novokuznetsk RUS"]
[Date "2008.03.09"]
[Round "8"]
[White "Yanjindulam,D"]
[Black "Vasilevich,I"]
[Result "0-1"]
[WhiteElo "2256"]
[BlackElo "2378"]

1.e4 c5 2.Nf3 e6 3.d4 cxd4 4.Nxd4 a6 5.Nc3 b5 6.Bd3 Bc5 7.Be3 Qb6 8.Be2 Nc6
9.Nxc6 dxc6 10.Bxc5 Qxc5 11.Qd3 Ne7 12.f4 e5 13.f5 O-O 14.O-O-O f6 15.g4 Ra7
16.h4 Kh8 17.g5 Ng8 18.Rhg1 a5 19.Qg3 a4 20.Rg2 Qe7 21.Rdg1 Rd8 22.Qe3 Rd4
23.Bxb5 cxb5 24.Nxb5 Rad7 25.Nxd4 exd4 26.Qf4 Qe5 27.Rg4 Bb7 28.Qd2 a3 29.Qb4 axb2+
30.Kb1 fxg5 31.Rxg5 Bxe4 32.Re1 Rc7 33.f6 Bxc2+ 34.Kxb2 Qxf6 35.Ree5 h6 36.Qxd4 hxg5
37.hxg5 Qc6 38.a3 Bh7 39.g6 Rb7+  0-1

[Event "ch-UKR Girls u20"]
[Site "Odessa UKR"]
[Date "2008.03.09"]
[Round "5"]
[White "Orlyanskaya,D"]
[Black "Kalinina,M"]
[Result "1/2-1/2"]
[WhiteElo "2100"]
[BlackElo "1717"]

1.e4 c5 2.Nf3 e6 3.d4 cxd4 4.Nxd4 a6 5.Nc3 b5 6.Bd3 Bb7 7.O-O Qc7 8.Qe2 Bd6
9.h3 Ne7 10.Be3 O-O 11.Qd2 Nbc6 12.Nb3 Ne5 13.Rad1 Bb4 14.Nxb5 axb5 15.Qxb4 N7c6
16.Qd2 Nxd3 17.Qxd3 Ne5 18.Qxb5 Ba6 19.Qc5 Qxc5 20.Bxc5 Bxf1 21.Bxf8 Be2
22.Re1 Kxf8 23.Rxe2 Rxa2 24.c3 Nd3 25.Rd2 Rxb2 26.Rxd3 Rxb3 27.Rxd7 Rxc3
28.Kf1 Rc2 29.Ke1  1/2-1/2

[Event "ch-UKR Girls u20"]
[Site "Odessa UKR"]
[Date "2008.03.10"]
[Round "6"]
[White "Orlyanskaya,D"]
[Black "Tsirulnik,Mari"]
[Result "1/2-1/2"]
[WhiteElo "2100"]
[BlackElo "2060"]

1.e4 c5 2.Nf3 e6 3.d4 cxd4 4.Nxd4 a6 5.Nc3 b5 6.Bd3 Bb7 7.O-O Qc7 8.Qe2 d6
9.Bd2 Nd7 10.a4 bxa4 11.Nxa4 Ngf6 12.Nb3 Be7 13.Nc3 Qb6 14.Be3 Nc5 15.Ra2 O-O
16.Rfa1 Rfb8 17.Bxc5 dxc5 18.Bxa6 Bxa6 19.Rxa6 Rxa6 20.Rxa6 Qc7 21.Ra4 Nd7
22.g3 Nb6 23.Ra2 c4 24.Nd4 Bf6 25.Qe3 Qc5 26.Nce2 Rd8 27.c3 h6 28.Kf1 Nd7
29.Kg2 Qb6 30.Nc1 Ne5 31.Nc2 Qb7 32.Nb4 Qb5 33.Ra1 Be7 34.Nca2 Nd3 35.Nxd3 cxd3  1/2-1/2

[Event "XXIII Open"]
[Site "Reykjavik ISL"]
[Date "2008.03.11"]
[Round "9"]
[White "Kjartansson,D"]
[Black "Miezis,N"]
[Result "1-0"]
[WhiteElo "2288"]
[BlackElo "2553"]

1.e4 c5 2.Nf3 e6 3.d4 cxd4 4.Nxd4 a6 5.Nc3 Qc7 6.Be2 b5 7.O-O Bb7 8.Re1 Nc6
9.Nxc6 dxc6 10.e5 Rd8 11.Bd3 Ne7 12.Qh5 c5 13.Bg5 h6 14.Rad1 c4 15.Be4 Rxd1
16.Rxd1 b4 17.Bxb7 bxc3 18.Bxa6 Qc6 19.Rd6 Qa4 20.Qd1 f6 21.b3 cxb3 22.axb3 Qa5
23.Bxf6 Kf7 24.Qh5+ g6 25.Qg4 Nf5 26.Rd7+ Be7 27.Qa4 Qxa4 28.bxa4 Rb8 29.Bb5 Kf8
30.g4 Bxf6 31.gxf5 Bg5 32.fxe6 Be7 33.Rc7 Rb6 34.Bd7 Rb1+ 35.Kg2 Re1 36.Rxc3 Rxe5
37.Rf3+ Kg8 38.c4 g5 39.Re3 Ra5 40.Bb5 Kf8 41.Re5 Bf6 42.Re2 Be7 43.Kf3 Bd6
44.Kg4 Ke7 45.h3 Ra8 46.Kf5 Rf8+ 47.Ke4 Bc5 48.Bd7 Bxf2 49.a5 h5 50.Kd3 Rf3+
51.Kc2 Be3 52.h4 gxh4 53.a6 Bd4 54.Re4 Bf6 55.c5 Ra3 56.Ra4 Rg3 57.a7 Rg2+
58.Kd3 Rg3+ 59.Ke2 Rg2+ 60.Kf1  1-0

[Event "XXIII Open"]
[Site "Reykjavik ISL"]
[Date "2008.03.11"]
[Round "9"]
[White "Nemcova,Kat"]
[Black "Bjornsson,Si"]
[Result "1-0"]
[WhiteElo "2342"]
[BlackElo "2286"]

1.e4 c5 2.Nf3 e6 3.d4 cxd4 4.Nxd4 a6 5.Nc3 Qc7 6.Be2 Nf6 7.O-O Nc6 8.Be3 Be7
9.f4 d6 10.a4 O-O 11.Bf3 Bd7 12.Nb3 b6 13.g4 Bc8 14.g5 Nd7 15.Bg2 Re8 16.Qh5 Bb7
17.Rad1 Rac8 18.Rf3 g6 19.Qh6 Bf8 20.Qh4 Nb4 21.Rd2 Qc4 22.Rd4 Qc7 23.Rxb4 e5
24.f5 d5 25.exd5 Bxb4 26.Qxb4 e4 27.Rf2 Qe5 28.Bd4 Qb8 29.Nxe4 Bxd5 30.Nbd2 Rxc2
31.Bc3 Rc1+ 32.Bf1 Re1 33.Qd4 Re5 34.Re2 Rxe2 35.Bxe2  1-0

[Event "ch-UKR Girls u20"]
[Site "Odessa UKR"]
[Date "2008.03.12"]
[Round "8"]
[White "Tsirulnik,Mari"]
[Black "Kalinina,O"]
[Result "1-0"]
[WhiteElo "2060"]
[BlackElo "2231"]

1.e4 c5 2.Nf3 e6 3.d4 cxd4 4.Nxd4 a6 5.Nc3 Qc7 6.Be2 Nf6 7.O-O d6 8.a4 b6
9.f4 Nbd7 10.Bf3 Bb7 11.g4 h6 12.Bg2 g6 13.Kh1 Bg7 14.Ndb5 axb5 15.Nxb5 Qc6
16.Nxd6+ Ke7 17.Nxb7 Qxb7 18.e5 Ne4 19.Qe2 f5 20.exf6+ Ndxf6 21.Re1 Rhd8
22.g5 hxg5 23.fxg5 Ng4 24.Bxe4 Qxe4+ 25.Qxe4 Nf2+ 26.Kg2 Nxe4 27.Rxe4 Rd1
28.Rb4 Bd4 29.Be3 Rxa1 30.Bxd4 R1xa4 31.Bf6+ Kd6 32.Rxb6+ Kd5 33.Rb7 R8a7
34.Rb5+ Ke4 35.Re5+ Kf4 36.Rxe6 Rd7 37.Re2 Ra1 38.Rf2+ Ke4 39.Re2+ Kf4 40.b4 Rb1
41.c3 Rdd1 42.Bd4 Kxg5 43.Kf3 Rf1+ 44.Ke4 Rf5 45.Kd3 Kg4 46.Kc4 Kf3 47.Rf2+ Ke4
48.Rg2 g5 49.Re2+ Kf3 50.Rf2+ Ke4 51.Rxf5 Kxf5 52.Kc5 Rb2 53.b5 Rxh2 54.b6 g4
55.c4 Ke4 56.Bg1 Rh1 57.b7 Rxg1 58.b8=Q g3 59.Qb7+ Ke3 60.Qe7+ Kf2 61.Qf6+ Kg2
62.Kd4 Rf1 63.Qg5 Kf3 64.Qe3+ Kg2 65.c5 Kh2 66.Qh6+ Kg1 67.c6 g2 68.c7 Rd1+
69.Kc3 Kf2 70.Qf4+ Ke1 71.Qe3+ Kf1 72.Qf3+  1-0

[Event "FSGM March"]
[Site "Budapest HUN"]
[Date "2008.03.13"]
[Round "12"]
[White "Garbisu de Goni,U"]
[Black "Antal,Ge"]
[Result "1/2-1/2"]
[WhiteElo "2464"]
[BlackElo "2467"]

1.e4 c5 2.Nf3 e6 3.d4 cxd4 4.Nxd4 a6 5.Nc3 b5 6.Bd3 Qb6 7.Nb3 Qc7 8.O-O Bb7
9.Qe2 b4 10.Nd1 Nf6 11.c4 bxc3 12.Nxc3 Bd6 13.f4 e5 14.f5 Nc6 15.Bg5 Nd4
16.Nxd4 exd4 17.Nd5 Bxh2+ 18.Kh1 Bxd5 19.exd5+ Kf8 20.b4 h5 21.Qf3 Qd6 22.a4 h4
23.Bf4 Bxf4 24.Qxf4 Qxd5 25.Qf3 Qxf3 26.Rxf3 a5 27.Rb1 Ke7 28.Rf4 d5 29.Rxd4 Kd6
30.bxa5 Rxa5 31.Rb7 Nd7 32.Bb5 Ne5 33.Rd1 Rh5 34.Rc1 d4 35.Rd1 Kd5 36.f6 gxf6
37.Rb8 Ke4 38.Rd8 d3 39.Bxd3+ Nxd3 40.R8xd3 Rxa4 41.Rf3 f5 42.Re1+ Kd5 43.Re7 f6
44.Rd3+ Kc4 45.Red7 Rb4 46.R3d4+ Kb3 47.Rxb4+ Kxb4 48.Rd6 Kc5  1/2-1/2

[Event "GM"]
[Site "Beer Sheva ISR"]
[Date "2008.03.14"]
[Round "1"]
[White "Kaplan,S"]
[Black "Tunik,G"]
[Result "1/2-1/2"]
[WhiteElo "2456"]
[BlackElo "2473"]

1.e4 c5 2.Nf3 e6 3.d4 cxd4 4.Nxd4 a6 5.Nc3 b5 6.Bd3 Qb6 7.Be3 Bc5 8.Qg4 Bxd4
9.e5 Nc6 10.Qxg7 Bxe5 11.Qxe5 Nxe5 12.Bxb6 Bb7 13.Bd4 f6 14.Ne4 Bxe4 15.Bxe4 d5
16.Bxe5 fxe5 17.Bd3 Nf6 18.f3 Ke7 19.a4 e4 20.fxe4 dxe4 21.Be2 Nd5 22.Kd2  1/2-1/2

[Event "TCh-AUT 1st Bundesliga 2007-8"]
[Site "Graz AUT"]
[Date "2008.03.14"]
[Round "9"]
[White "Polzin,R"]
[Black "Hulak,K"]
[Result "1-0"]
[WhiteElo "2504"]
[BlackElo "2552"]

1.e4 c5 2.Nf3 e6 3.d4 cxd4 4.Nxd4 a6 5.Nc3 d6 6.Be2 b5 7.f4 Bb7 8.Bf3 Nd7
9.O-O Rc8 10.Qe2 Rc4 11.Be3 e5 12.Nf5 g6 13.Ng3 Ngf6 14.a4 Bc6 15.axb5 axb5
16.Qd2 exf4 17.Bxf4 b4 18.Nd1 Ne5 19.Bxe5 dxe5 20.Qxd8+ Kxd8 21.Be2 Rxc2
22.Rxf6 Bc5+ 23.Kf1 Be8 24.Rf3 h5 25.Bd3 Rd2 26.Ne2 b3 27.Bc4 Ke7 28.Rxb3 Bc6
29.Ndc3 f5 30.Bd5 Be8 31.Ke1 Rd3 32.Rb7+ Kf6 33.h4  1-0

[Event "GM"]
[Site "Beer Sheva ISR"]
[Date "2008.03.16"]
[Round "3"]
[White "Nabaty,T"]
[Black "Tunik,G"]
[Result "1/2-1/2"]
[WhiteElo "2417"]
[BlackElo "2473"]

1.e4 c5 2.Nf3 e6 3.d4 cxd4 4.Nxd4 a6 5.Nc3 Qc7 6.f4 b5 7.Qf3 Bb7 8.Bd3 Nc6
9.Be3 Nxd4 10.Bxd4 Ne7 11.Qe3 Rc8 12.O-O-O Ng6 13.e5 Bc5 14.Bxc5 Qxc5 15.Qxc5 Rxc5
16.Be4 Bc6 17.Bxc6 Rxc6 18.Rd4 Ke7 19.Rhd1 Rd8 20.a4 bxa4 21.Rxa4 Rb8 22.Ne2 f6
23.exf6+ gxf6 24.f5 Nf8 25.Nd4 Rcb6 26.fxe6 dxe6 27.Rc4 Ke8 28.Rc7 R6b7 29.Nc6 Rxc7
30.Nxb8 a5 31.Rd6 Rc5 32.Ra6  1/2-1/2

[Event "TCh-HUN 2007-8"]
[Site "Budapest HUN"]
[Date "2008.03.16"]
[Round "8"]
[White "Besztercsenyi,T1"]
[Black "Hando,V"]
[Result "1-0"]
[WhiteElo "2164"]
[BlackElo "2194"]

1.e4 c5 2.Nf3 e6 3.d4 cxd4 4.Nxd4 a6 5.Nc3 Qc7 6.Be2 Nf6 7.O-O Be7 8.Kh1 d6
9.f4 Nbd7 10.Bf3 Rb8 11.Qe1 O-O 12.g4 Kh8 13.g5 Ng8 14.f5 Ne5 15.Bg2 Qd8
16.Qg3 Bd7 17.Nce2 Re8 18.h4 Bf8 19.Nf4 Nc6 20.Nxc6 Bxc6 21.g6 hxg6 22.fxe6 fxe6
23.Nxg6+ Kh7 24.Bf4 e5 25.Bg5 Qd7 26.h5 Qe6 27.Rae1 Bd7 28.Rf5 Qc4 29.Bh3 Qc6
30.h6 Be6 31.Nxf8+ Rxf8 32.Rxf8 Rxf8 33.Bxe6 gxh6 34.Bh4 b5 35.Bd5 Qxc2 36.Rg1 Qc7
37.Bxg8+ Kh8 38.Qg6  1-0

[Event "TCh-HUN 2007-8"]
[Site "Budapest HUN"]
[Date "2008.03.16"]
[Round "8"]
[White "Boros,De"]
[Black "Kubacsny,L"]
[Result "1/2-1/2"]
[WhiteElo "2460"]
[BlackElo "2346"]

1.e4 c5 2.Nf3 e6 3.d4 cxd4 4.Nxd4 a6 5.Nc3 d6 6.g4 b5 7.Bg2 Bb7 8.O-O Nd7
9.Re1 Qc7 10.a4 bxa4 11.Nxa4 Ne7 12.Ra3 Rc8 13.Bd2 Nc6 14.Rc3 Qb8 15.Bg5 h6
16.Be3 Be7 17.Rb3 Na5 18.Rc3 Nc4 19.Bc1 Bf6 20.b3 Nce5 21.Rxc8+ Qxc8 22.Ba3 Nc5
23.Nf3 Nxa4 24.bxa4 O-O 25.Qxd6 Rd8 26.Qc5 Qxc5 27.Bxc5 Rc8 28.Nxe5 Rxc5
29.Nd3 Rxc2 30.e5 Bxg2 31.Kxg2 Be7 32.Rc1 Rd2 33.Rc8+ Kh7 34.Rc3 a5 35.Kf3 Bg5
36.Ke4 Re2+ 37.Kf3 Ra2 38.Rc4 Ra3 39.Ke4 Be7 40.h3 Bb4 41.f4 Rxa4 42.f5 Ra3
43.Rc7 Kg8 44.Rc8+ Kh7 45.Rc7 Kg8  1/2-1/2

[Event "TCh-AUT 1st Bundesliga 2007-8"]
[Site "Graz AUT"]
[Date "2008.03.16"]
[Round "11"]
[White "Wegerle,J"]
[Black "Wanderer,T"]
[Result "1/2-1/2"]
[WhiteElo "2415"]
[BlackElo "2226"]

1.e4 c5 2.Nf3 e6 3.d4 cxd4 4.Nxd4 a6 5.Nc3 Qc7 6.Bd3 Nf6 7.Qe2 d6 8.f4 Nbd7
9.a4 b6 10.O-O Bb7 11.Kh1 Be7 12.Bd2 h5 13.Nd1 h4 14.Nf2 Nh5 15.Nh3 Bf6 16.Bc3 Nc5
17.Ra3 Rc8 18.b4 Nxd3 19.cxd3 Qd7 20.Bb2 g6 21.Nf3 a5 22.bxa5 bxa5 23.Nxh4 Ke7
24.Nf3 Bc6 25.Bxf6+ Nxf6 26.Qd2 Qa7 27.Nf2 Rb8  1/2-1/2

[Event "GM"]
[Site "Beer Sheva ISR"]
[Date "2008.03.18"]
[Round "5"]
[White "Nabaty,T"]
[Black "Kaplan,S"]
[Result "0-1"]
[WhiteElo "2417"]
[BlackElo "2456"]

1.e4 c5 2.Nf3 e6 3.d4 cxd4 4.Nxd4 a6 5.Nc3 Qc7 6.f4 Nc6 7.Be3 b5 8.Qf3 Bb7
9.O-O-O Nf6 10.Bd3 b4 11.Na4 Be7 12.Nb3 O-O 13.Qh3 d6 14.Rhe1 g6 15.f5 exf5
16.exf5 Ne5 17.fxg6 fxg6 18.Nb6 Rab8 19.Kb1 Nfg4 20.Bd4 Rf4 21.Bxa6 Be4 22.Bxe5 Qxc2+
23.Ka1 dxe5 24.Bc4+ Kg7 25.Rd2 Rxb6 26.Rxc2 Bxc2 27.Be2 Bf5 28.Bxg4 Rxg4
29.Rxe5 Bf6 30.Rc5 Rb7 31.Qf3 Re7 32.Rc1 Rge4 33.Na5 Re2 34.Nc4 Rc2 35.Qf1 Bd3
36.Qf4 g5  0-1

[Event "57th ch-BUL w"]
[Site "Plovdiv BUL"]
[Date "2008.03.19"]
[Round "5"]
[White "Savova,S"]
[Black "Genova,Ly"]
[Result "0-1"]
[WhiteElo "2165"]
[BlackElo "2232"]

1.e4 c5 2.Nf3 e6 3.d4 cxd4 4.Nxd4 a6 5.Nc3 b5 6.Bd3 Qb6 7.Nf3 Nc6 8.O-O Qb8
9.Re1 Bb7 10.a4 b4 11.Na2 Nf6 12.c3 bxc3 13.bxc3 Bc5 14.Rb1 d6 15.h3 Qc7
16.Be3 Bxe3 17.Rxe3 Nd7 18.Nd4 Nc5 19.Bf1 O-O 20.Qh5 Nxa4 21.Nxc6 Bxc6 22.Qg4 a5
23.Rg3 g6 24.Rd1 Rab8 25.Qf4 Rfd8 26.c4 Nc5 27.Nc3 Qe7 28.Re3 e5 29.Qh6 a4
30.f4 a3 31.Nd5 Bxd5 32.exd5 a2 33.Ra1 Qa7 34.f5 Nd7 35.Kh2 Rb1 36.Rf3 Rxa1
37.fxg6 fxg6 38.Rf7 Kxf7 39.Qxh7+ Kf6 40.Qh4+ Kg7 41.Qe7+ Kg8 42.Qxd8+ Nf8
43.Bd3 Rh1+  0-1

[Event "10th Foxwoods Open"]
[Site "Ledyard USA"]
[Date "2008.03.20"]
[Round "2"]
[White "Rogers,N"]
[Black "Ginsburg,M"]
[Result "0-1"]
[WhiteElo "2222"]
[BlackElo "2365"]

1.e4 c5 2.Nf3 e6 3.Nc3 a6 4.d4 cxd4 5.Nxd4 Qc7 6.Bd3 Nf6 7.O-O b5 8.Qe2 Bb7
9.Bg5 b4 10.Nd1 Be7 11.c3 h6 12.Bh4 Nc6 13.Rc1 Nxd4  0-1

[Event "10th Foxwoods Open"]
[Site "Ledyard USA"]
[Date "2008.03.20"]
[Round "3"]
[White "Gulamali,K"]
[Black "Williams,C USA"]
[Result "1/2-1/2"]
[WhiteElo "2353"]
[BlackElo "2201"]

1.e4 c5 2.Nf3 e6 3.d4 cxd4 4.Nxd4 a6 5.Nc3 Bc5 6.Be3 Qc7 7.Qd2 Nf6 8.f3 O-O
9.O-O-O d5 10.e5 Qxe5 11.g4 Qc7 12.g5 Nfd7 13.f4 Nc6 14.f5 Nxd4 15.Bxd4 Bxd4
16.Qxd4 Qe5 17.Qh4 Qe3+ 18.Kb1 Ne5 19.Bd3 Nf3 20.Qh5 g6 21.fxg6 fxg6 22.Bxg6 hxg6
23.Qxg6+ Kh8 24.Qh5+ Kg7 25.Qh6+ Kg8  1/2-1/2

[Event "2nd Agzamov Memorial"]
[Site "Tashkent UZB"]
[Date "2008.03.20"]
[Round "2"]
[White "Kvon,A"]
[Black "Fedorov,Alex"]
[Result "1/2-1/2"]
[WhiteElo "2381"]
[BlackElo "2607"]

1.e4 c5 2.Nf3 e6 3.d4 cxd4 4.Nxd4 a6 5.Nc3 b5 6.Bd3 Qb6 7.Nb3 Qc7 8.O-O Bb7
9.Re1 Bd6 10.Qg4 Bxh2+ 11.Kf1 Be5 12.f4 h5 13.Qg3 h4 14.Qg4 Bf6 15.Be3 d6
16.f5 exf5 17.exf5 Kf8 18.a4 h3 19.gxh3 Be5 20.axb5 Nf6 21.Qc4 Qxc4 22.Bxc4 axb5
23.Rxa8 Bxa8 24.Ra1 Bc6 25.Bxb5 Rxh3 26.Ke2 Bf3+ 27.Kd2 Ng4 28.Bd4 Bf4+ 29.Kd3 Bd5+
30.Ke2 Bf3+ 31.Kd3 d5 32.Bg1 Bd1+ 33.Kd4 Bxc2 34.Nc5 Be5+ 35.Kxd5 Bxf5 36.Ra8 Ke7
37.Ra7+ Kf6 38.N3e4+ Bxe4+ 39.Nxe4+ Kg6 40.Nf2 Nf6+ 41.Kxe5 Rh5+ 42.Kf4 Rxb5
43.Nd3 Nc6 44.Ra1 Nd5+ 45.Ke4 f5+ 46.Kf3 Rb3 47.Ke2 Ncb4 48.Ne5+ Kg5 49.Bd4 Kf4
50.Nc4 Rh3 51.Rf1+ Ke4 52.Bxg7 Rh2+ 53.Kd1 f4 54.Bc3 Nxc3+ 55.bxc3 Nd5 56.Re1+ Kd3
57.Ne5+ Kxc3 58.Re4 Ne3+ 59.Ke1 Ra2 60.Nf3 Ng2+ 61.Kf1 Kd3 62.Rb4 Ne3+ 63.Kg1 Ra1+
64.Kh2 Nd5 65.Ne5+ Ke3 66.Ng4+ Ke2 67.Rb2+ Kf3 68.Ne5+ Ke4 69.Nc4 Rc1 70.Nd2+ Ke3
71.Kg2 Rd1 72.Nf3 Ke4 73.Kf2 Rd3 74.Ng5+ Kf5 75.Nf3 Nc3 76.Rb8 Ne4+ 77.Kg2 Nf6
78.Rb5+ Nd5 79.Rb8 Ne3+ 80.Kf2 Ng4+ 81.Kg2 Rd6 82.Rb5+ Kf6 83.Rb4  1/2-1/2

[Event "Spring Festival"]
[Site "Budapest HUN"]
[Date "2008.03.21"]
[Round "1"]
[White "Rajcsanyi,P"]
[Black "Rozsnyai,Ti"]
[Result "1/2-1/2"]
[WhiteElo "1852"]
[BlackElo "2164"]

1.e4 c5 2.Nf3 e6 3.d4 cxd4 4.Nxd4 a6 5.Nc3 Qc7 6.Qf3 Nc6 7.Nxc6 dxc6 8.a3 Nf6
9.Be2 Be7 10.O-O O-O 11.Be3 e5 12.Qg3 Rd8 13.f3 Be6 14.Qf2 Nd7 15.Rad1 b5
16.f4 exf4 17.Bxf4 Qb6 18.Be3 Bc5 19.Bxc5 Qxc5 20.Qd4 Qxd4+ 21.Rxd4 Ne5 22.Rfd1 Rxd4
23.Rxd4 Kf8 24.h3 Ke7 25.b3 Ra7 26.Kf2 Rd7 27.Ke3 f6 28.Nd1 Rxd4 29.Kxd4 Kd6
30.Ne3 g6 31.b4  1/2-1/2

[Event "Doeberl Cup"]
[Site "Canberra AUS"]
[Date "2008.03.21"]
[Round "3"]
[White "Kempen,L"]
[Black "Chung,F"]
[Result "1/2-1/2"]
[WhiteElo "2142"]
[BlackElo "1942"]

1.e4 c5 2.Nf3 e6 3.Nc3 a6 4.d4 cxd4 5.Nxd4 Qc7 6.Bd3 Nc6 7.Nxc6 dxc6 8.Be3 Nf6
9.f4 Bb4 10.O-O Bxc3 11.bxc3 h5 12.Kh1 h4 13.e5 Nd5 14.Bd2 c5 15.c4 Ne7 16.Qf3 Bd7
17.Be4 Bc6 18.Bxc6+ Qxc6 19.Rab1 O-O-O 20.Be3 h3 21.a3 Qxf3 22.Rxf3 Nf5 23.Bxc5 Rd2
24.Rd3 Rd8 25.Rxd8+ Kxd8 26.Bg1 Kc7 27.Rb3 Nd4 28.Rd3 Rxd3 29.cxd3 Ne2 30.d4 Kc6
31.a4 b5 32.axb5+ axb5 33.cxb5+ Kxb5 34.Be3 Kc4 35.Bg1  1/2-1/2

[Event "57th ch-BUL w"]
[Site "Plovdiv BUL"]
[Date "2008.03.22"]
[Round "9"]
[White "Nikolova,A"]
[Black "Genova,Ly"]
[Result "1-0"]
[WhiteElo "2194"]
[BlackElo "2232"]

1.e4 c5 2.Nf3 e6 3.d4 cxd4 4.Nxd4 a6 5.Nc3 Qc7 6.Bd3 Nf6 7.O-O b5 8.Qe2 d6
9.Nb3 Bb7 10.f4 Nbd7 11.a4 b4 12.Nd1 d5 13.e5 Ne4 14.Be3 Ndc5 15.Nd4 g6 16.Nf2 Be7
17.Nf3 O-O 18.Bd4 Rac8 19.Ng4 b3 20.c3 Nxd3 21.Qxd3 Qc4 22.Qd1 a5 23.Ne3 Qc6
24.g4 Ba6 25.Re1 Rb8 26.g5 Rfc8 27.Ng4 Qc4 28.Re3 Bc5 29.Nf6+ Kg7 30.Bxc5 Nxc5
31.Nd4 Kf8 32.Rh3 Ke7 33.Rxh7 Qd3 34.Qg4 Qe3+ 35.Kh1 Bc4 36.Qh4 Be2 37.Rxf7+ Kxf7
38.Qh7+ Kf8 39.Qg8+ Ke7 40.Qg7+ Kd8 41.Nxe6+  1-0

[Event "SCT Ladies Open"]
[Site "Stockholm SWE"]
[Date "2008.03.22"]
[Round "5"]
[White "Calzetta,M"]
[Black "Dzagnidze,N"]
[Result "1-0"]
[WhiteElo "2269"]
[BlackElo "2429"]

1.e4 c5 2.Nf3 e6 3.d4 cxd4 4.Nxd4 a6 5.Nc3 Qc7 6.Bd3 Nf6 7.Qe2 d6 8.O-O Be7
9.Bd2 e5 10.Nf3 Be6 11.Ng5 Nc6 12.Nxe6 fxe6 13.f4 O-O 14.Kh1 Rac8 15.Qe3 exf4
16.Rxf4 Ne5 17.Qh3 Qd7 18.Raf1 Rf7 19.Nd1 Rcf8 20.Bc3 g5 21.R4f2 Neg4 22.Rf3 b5
23.Qg3 h5 24.h3 h4 25.Qe1 Nh6 26.Ne3 Nh5 27.Rxf7 Rxf7 28.Rxf7 Kxf7 29.Qd1 Nf4
30.e5 d5 31.Bd4 Qc7 32.c3 Bc5 33.Bf1 Bxd4 34.cxd4 Nf5 35.Nxf5 exf5 36.a4 Kg6
37.axb5 axb5 38.Bxb5 Ne6 39.Kh2 Qb8 40.Bd7 Nf8 41.Qc2 Qd8 42.Bxf5+ Kg7 43.Qc6 Kf7
44.b4 g4 45.Bxg4 Qg5 46.Qxd5+ Kg7 47.Qf3 Ng6 48.Qf6+ Qxf6 49.exf6+ Kxf6 50.b5 Ne7
51.b6  1-0

[Event "15th Belisce Metalis Open"]
[Site "Bizovac CRO"]
[Date "2008.03.23"]
[Round "5"]
[White "Jurkovic,A"]
[Black "Farago,I"]
[Result "0-1"]
[WhiteElo "2318"]
[BlackElo "2475"]

1.e4 c5 2.Nf3 e6 3.d4 cxd4 4.Nxd4 a6 5.Nc3 Qc7 6.Bd3 Nf6 7.Qe2 d6 8.g4 Nc6
9.Nb3 Be7 10.Be3 b5 11.g5 Nd7 12.a4 b4 13.Nb1 Nce5 14.N1d2 Nc5 15.Nxc5 dxc5
16.h4 Bb7 17.f4 c4 18.Nxc4 Nxc4 19.Bxc4 Bxe4 20.Rf1 Qc6 21.Bd4 O-O 22.b3 Rfd8
23.O-O-O Bd5 24.Bxd5 Rxd5 25.f5 Bf8 26.fxe6 Qxe6 27.Qxe6 fxe6 28.Bb2 Rad8
29.Rde1 Rf5 30.Rxf5 exf5 31.Re6 f4 32.Re4 Bc5 33.c3 f3 34.Re1 f2 35.Rf1 Be3+
36.Kb1 Rd2 37.cxb4 Re2 38.Bc3 Bd4  0-1

[Event "3rd Open"]
[Site "Kolkata IND"]
[Date "2008.03.24"]
[Round "1"]
[White "Shashikant,K"]
[Black "David,Alb"]
[Result "0-1"]
[WhiteElo "2316"]
[BlackElo "2557"]

1.e4 c5 2.Nf3 e6 3.d4 cxd4 4.Nxd4 a6 5.Nc3 Qc7 6.Bd3 Nf6 7.O-O Bd6 8.Kh1 Nc6
9.Nb3 Be7 10.f4 d6 11.Qf3 O-O 12.Bd2 b5 13.Rae1 Bb7 14.Qh3 Rfd8 15.a3 b4
16.axb4 Nxb4 17.Nb5 axb5 18.Bxb4 e5 19.Nd4 exd4 20.e5 Bc8 21.Qf3 Bg4 22.Qg3 Be6
23.exf6 Bxf6 24.b3 Qb7 25.Re2 h6 26.f5 Bd5 27.Bxd6 Re8 28.Rxe8+ Rxe8 29.Bf4 Kh8
30.Kg1 Qc6 31.Bd2 Bc4  0-1

[Event "TCh-FRA Top 16 Gp A"]
[Site "Marseille FRA"]
[Date "2008.03.24"]
[Round "3"]
[White "Acher,M"]
[Black "Wirig,A"]
[Result "1/2-1/2"]
[WhiteElo "2381"]
[BlackElo "2479"]

1.e4 c5 2.Nf3 e6 3.d4 cxd4 4.Nxd4 a6 5.Nc3 Qc7 6.Be3 Bb4 7.Ne2 Nf6 8.a3 Be7
9.Nf4 b5 10.Nh5 Nxh5 11.Qxh5 Nc6 12.f4 b4 13.axb4 Nxb4 14.Bd3 Rb8 15.O-O g6
16.Qh6 Bf8 17.Qh4 Be7 18.Qh6 Bf8 19.Qh4 Be7 20.Qf2 f6 21.f5 Bb7 22.Qh4 gxf5
23.exf5 Nxd3 24.cxd3 Rg8 25.g3 Rg7 26.d4 Qc4 27.Qh5+ Rf7 28.fxe6 dxe6 29.Rfe1 Rd8
30.Rad1 Bb4 31.d5 Bxc3 32.dxe6 Qxe6 33.bxc3 Rxd1 34.Qxd1 Qd5 35.Bc5+ Kd7
36.Qa4+ Bc6 37.Qd4  1/2-1/2